|
|
|
|
| LEADER |
00000nab a2200000 a 4500 |
| 001 |
vtls009357392 |
| 003 |
SK-MaSNL |
| 005 |
20260304182705.0 |
| 008 |
250507c2008 xo |||||| | ||00 b|slo |
| 015 |
|
|
|a SNBRB2008/11
|2 snkbucl
|
| 035 |
|
|
|a (uuid)2e391708-96b0-460d-ae01-390dc3dd8dca
|
| 035 |
|
|
|a urn:nbn:sk:snk-ab13je
|
| 035 |
|
|
|a (urnnbn)urn:nbn:sk:snk:ar-004jge
|
| 038 |
|
|
|a SNKBUCL
|
| 040 |
|
|
|a SNKBUCL
|b slo
|c SNKBUCL
|e AACR2
|
| 041 |
0 |
|
|a slo
|
| 044 |
|
|
|a xo
|c SK
|
| 080 |
|
|
|a 94(437.6):37
|x "192/193"
|2 1997
|
| 080 |
|
|
|a 371
|x (437.6)
|x "192/193"
|2 1997
|
| 080 |
|
|
|a 371.124:373.5
|x (437.6=162.3)
|x "192/193"
|2 1997
|
| 080 |
|
|
|a 373.5
|x (437.6)
|x "192/193"
|2 1997
|
| 080 |
|
|
|a 94(437):37
|x "192/193"
|2 1997
|
| 100 |
1 |
|
|a Matula, Pavol,
|d 1970-
|4 aut
|9 111404
|
| 245 |
1 |
0 |
|a Českí profesori na slovenských stredných školách
|c Pavol Matula
|
| 246 |
3 |
|
|a Vznik Československa
|
| 300 |
|
|
|b Fotogr.
|
| 650 |
0 |
7 |
|a stredné školstvo
|2 snkbucl
|9 1080665
|
| 650 |
0 |
7 |
|a stredoškolskí profesori
|2 snkbucl
|9 1513947
|
| 650 |
0 |
7 |
|a českí profesori
|2 snkbucl
|9 1513948
|
| 650 |
0 |
7 |
|a stredné školy
|2 SNKPH
|9 1279
|
| 651 |
|
7 |
|a Slovensko
|x dejiny
|2 snkbucl
|9 13278
|
| 773 |
0 |
|
|t Historická revue
|g Roč. XIX, č. 10 (2008), s. 41-43
|x 1335-6550
|
| 850 |
|
|
|a Slovenská národná knižnica
|
| 852 |
|
|
|a Slovenská národná knižnica
|
| 954 |
|
|
|a odborná, vedecká literatúra pôvodná (slovenská)
|2 lita
|
| 957 |
|
|
|a 20. stor., 20.-30. r.
|
| 958 |
|
|
|a article27
|
| 958 |
|
|
|a CZ
|
| 958 |
|
|
|a OND
|
| 958 |
|
|
|a EUIPO
|
| 999 |
|
|
|c 3030708
|d 3032638
|